[Event "Zadar op"]
[Site "Zadar"]
[Date "2004.12.17"]
[Round "7"]
[White "Zeqiri, Agim"]
[Black "Ljubas, Ante"]
[Result "1/2-1/2"]
[WhiteElo "1890"]
[BlackElo "2119"]
[PlyCount "126"]
[EventDate "2004.12.13"]
[EventType "swiss"]
[EventRounds "9"]
[EventCountry "CRO"]
[SourceTitle "CBM 103 Extra"]
[Source "ChessBase"]
[SourceDate "2005.01.01"]
[SourceVersion "1"]
[SourceVersionDate "2005.01.01"]
[SourceQuality "1"]

1. d4 Nf6 2. Nf3 e6 3. g3 c5 4. e3 cxd4 5. exd4 b6 6. Bg2 Ba6 7. b3 d5 8. Bg5 Nbd7 9. Ne5 Qc7 10. Nxd7 Nxd7 11. Bf1 Bxf1 12. Kxf1 Rc8 13. c3 Bd6 14. Bd2 h5 15. h4 Nf6 16. Kg2 Ne4 17. Be1 Rh6 18. a4 a6 19. Ra2 f5 20. f4 Ke7 21. Rf1 Rg6 22. Kh3 Rg4 23. Qf3 a5 24. Rc2 Qd7 25. Qd3 Rh8 26. Re2 Rh6 27. Nd2 Rhg6 28. Rf3 Kf7 29. Nf1 Be7 30. c4 dxc4 31. bxc4 Bf6 32. d5 exd5 33. cxd5 Be7 34. Kh2 Bc5 35. Qc4 Rd6 36. Rd3 Rgg6 37. Nd2 Nf6 38. Nf3 Ng4+ 39. Kh3 Kg8 40. Kg2 Nf6 41. Ng5 Rxg5 42. hxg5 Ne4 43. Rxe4 fxe4 44. Qxe4 Qg4 45. Qf3 Qf5 46. Bc3 Rd8 47. Be5 Bd6 48. Re3 Qc2+ 49. Re2 Qg6 50. Qe4 Qxe4+ 51. Rxe4 Bxe5 52. Rxe5 Kf7 53. g4 hxg4 54. Kg3 g6 55. Kxg4 Rc8 56. Re4 Rc1 57. Rd4 Ke7 58. d6+ Kd7 59. Kf3 Re1 60. Kf2 Re6 61. Kf3 Re1 62. Kg4 Rg1+ 63. Kf3 Re1 1/2-1/2

[Event "Zadar op"]
[Site "Zadar"]
[Date "2004.12.16"]
[Round "6"]
[White "Martinovic, Sasa"]
[Black "Zeqiri, Agim"]
[Result "1/2-1/2"]
[WhiteElo "2138"]
[BlackElo "1890"]
[PlyCount "103"]
[EventDate "2004.12.13"]
[EventType "swiss"]
[EventRounds "9"]
[EventCountry "CRO"]
[SourceTitle "CBM 103 Extra"]
[Source "ChessBase"]
[SourceDate "2005.01.01"]
[SourceVersion "1"]
[SourceVersionDate "2005.01.01"]
[SourceQuality "1"]

1. d4 Nf6 2. c4 d6 3. Nc3 g6 4. e4 Bg7 5. f3 c6 6. Be3 a6 7. c5 dxc5 8. dxc5 Qxd1+ 9. Rxd1 Nfd7 10. Na4 0-0 11. Bc4 Re8 12. Ne2 Ne5 13. Bb3 Nbd7 14. h3 Nf8 15. f4 Ned7 16. 0-0 Nf6 17. e5 Nd5 18. Bxd5 cxd5 19. Nb6 Rb8 20. Nxd5 Bd7 21. Nec3 f6 22. Bd4 f5 23. Bf2 Kf7 24. b4 Bc6 25. a4 h6 26. Nb6 Red8 27. b5 Be8 28. Nbd5 Ne6 29. g4 axb5 30. axb5 Ra8 31. gxf5 gxf5 32. Ra1 Rxa1 33. Rxa1 Bxb5 34. Nxe7 Nxf4 35. Nxb5 Nxh3+ 36. Kg2 Nf4+ 37. Kh1 Bxe5 38. Rg1 Kxe7 39. Bh4+ Bf6 40. Rg7+ Ke6 41. Nc7+ Ke5 42. Bxf6+ Kxf6 43. Rh7 h5 44. Nb5 Rc8 45. Rxb7 Rxc5 46. Nd4 Ne6 47. Nxe6 Kxe6 48. Rh7 f4 49. Kg2 Kf6 50. Kf3 Rf5 51. Ra7 Kg5 52. Rg7+ 1/2-1/2

[Event "Zadar op"]
[Site "Zadar"]
[Date "2003.12.15"]
[Round "1"]
[White "Saric, Ibro"]
[Black "Zeqiri, Agim"]
[Result "1-0"]
[WhiteElo "2415"]
[BlackElo "1890"]
[PlyCount "53"]
[EventDate "2003.12.15"]
[EventType "swiss"]
[EventRounds "9"]
[EventCountry "CRO"]
[SourceTitle "CBM 097 Extra"]
[Source "ChessBase"]
[SourceDate "2004.01.13"]
[SourceVersion "1"]
[SourceVersionDate "2004.01.13"]
[SourceQuality "1"]

1. e4 d6 2. d4 g6 3. Nc3 Bg7 4. g3 Nf6 5. Bg2 c6 6. a4 a5 7. Nge2 0-0 8. 0-0 e5 9. h3 Na6 10. Be3 exd4 11. Bxd4 Nc5 12. e5 Nd5 13. Nxd5 cxd5 14. exd6 Qxd6 15. Bxg7 Kxg7 16. Nc3 Bd7 17. Nxd5 Ne6 18. Qf3 f6 19. Rad1 Ng5 20. Qb3 Rad8 21. h4 Ne6 22. Nf4 Nd4 23. Qxb7 Rf7 24. Qd5 Qxd5 25. Bxd5 Nxc2 26. Bxf7 Kxf7 27. Rd2 1-0